JAVA The Complete Reference (Record no. 3724)

MARC details
000 -LEADER
fixed length control field 00363nam a2200157Ia 4500
008 - FIXED-LENGTH DATA ELEMENTS--GENERAL INFORMATION
fixed length control field 191201s2008 xx 000 0 und d
020 ## - INTERNATIONAL STANDARD BOOK NUMBER
International Standard Book Number 9780070636774
082 ## - DEWEY DECIMAL CLASSIFICATION NUMBER
Classification number 005.133
Item number SCJ
100 ## - MAIN ENTRY--PERSONAL NAME
Personal name SCHILDT, Herbert
245 #0 - TITLE STATEMENT
Title JAVA The Complete Reference
250 ## - EDITION STATEMENT
Edition statement Rep.
260 ## - PUBLICATION, DISTRIBUTION, ETC. (IMPRINT)
Place of publication, distribution, etc N.Delhi
Name of publisher, distributor, etc TMH
Date of publication, distribution, etc 2008
300 ## - PHYSICAL DESCRIPTION
Extent 1024
650 ## - SUBJECT ADDED ENTRY--TOPICAL TERM
Topical term or geographic name as entry element MCA
942 ## - ADDED ENTRY ELEMENTS (KOHA)
Source of classification or shelving scheme Dewey Decimal Classification
Koha item type Text Books
Holdings
Withdrawn status Lost status Source of classification or shelving scheme Damaged status Not for loan Collection code Home library Current library Date acquired Source of acquisition Cost, normal purchase price Bill Number Total Checkouts Full call number Acc. no. / Barcode Date last seen Bill Date Koha item type Date last borrowed
    Dewey Decimal Classification     MCA PIET C-LIBRARY PIET C-LIBRARY 27/12/2008 J B C, New Delhi 465.00 SI-4768   005.133 SCJ 10912 04/12/2019 20/12/2008 Text Books  
    Dewey Decimal Classification     MCA PIET C-LIBRARY PIET C-LIBRARY 27/12/2008 J B C, New Delhi 465.00 SI-4768 3 005.133 SCJ 10913 28/11/2023 20/12/2008 Text Books 23/11/2023
    Dewey Decimal Classification     Computer Science & Engineering in Cyber Security PIET C-LIBRARY PIET C-LIBRARY 27/12/2008 J B C, New Delhi 465.00 SI-4768 3 005.133 SCJ 10914 28/11/2023 20/12/2008 Text Books 23/11/2023
    Dewey Decimal Classification     Computer Science & Engineering in Cyber Security PIET C-LIBRARY PIET C-LIBRARY 27/12/2008 J B C, New Delhi 465.00 SI-4768 6 005.133 SCJ 10915 02/09/2024 20/12/2008 Text Books 20/08/2024
    Dewey Decimal Classification     Computer Science & Engineering in Cyber Security PIET C-LIBRARY PIET C-LIBRARY 27/12/2008 J B C, New Delhi 465.00 SI-4768 5 005.133 SCJ 10916 07/10/2024 20/12/2008 Text Books 17/09/2024

Design & Developed by: PIET Central Library
R70 Miles Stone Pattikalyana Samalkha Panipat 132102
mail ID :- [email protected], Phone No:- 0180-2569700 Ex.216